Statistics for Countries not recognized by the UN

Click here to take the quiz!

General Stats

  • This quiz has been taken 119 times
  • The average score is 9 of 16

Answer Stats

HintAnswer% Correct
A wealthy island claimed by ChinaTaiwan
89%
A UN Observer, located in IsraelPalestine
83%
Claimed entirely by MoroccoWestern Sahara
80%
Located in the BalkansKosovo
79%
A major city-state claimed by ChinaHong Kong
78%
Located in Cyprus, recognized by TurkeyNorthern Cyprus
71%
Located in the north of SomaliaSomaliland
67%
A city-state claimed by ChinaMacau
66%
Breakaway state from GeorgiaSouth Ossetia
63%
Spiritual home of the Dalai LamaTibet
62%
A self-declared breakaway state of Moldova Transnistria
56%
Breakaway state from GeorgiaAbkhazia
54%
Situated between Armenia & AzerbaijanArtsakh
28%
Emerged after the Crimean Crisis in 2014Donetsk
26%
Emerged after the Crimean Crisis in 2014Luhansk
24%
Very small breakway state in LithuaniaUzupis
4%

Score Distribution

Percentile by Number Answered

Percent of People with Each Score

Your Score History

You have not taken this quiz